000 00907nam a22001937a 4500
003 OSt
005 20260129034922.0
008 260129b |||||||| |||| 00| 0 eng d
040 _aDWCL GS library
_cOC
082 _aFic. A339h 2009
100 _aAlbom mitch
245 _ahave a little faith
_ba true story
260 _aNew York
_b Hyperion Audio
_cc2009
300 _a249
_c19cm
520 _aWhen an eighty-two-year-old rabbi from Albom's old hometown asks him to deliver his eulogy, Albom goes back to his nonfiction roots and becomes involved with a Detroit pastor--a reformed drug dealer and convict--who preaches to the poor and homeless in a decaying church with a hole in its roof. A timely, moving, and inspiring look at faith: not just who believes, but why
546 _aenglish
700 _aMitch Albom
942 _2ddc
_cFIC.
_hFic. 339h 2009
_n0
999 _c7953
_d7953